| Tag |
First Indicator |
Second Indicator |
Subfields |
| LEADER |
00000cam a2200000 a 4500 |
| 001 |
in00002248708 |
| 005 |
20151105052422.0 |
| 008 |
061204s2007 cau b 001 0 eng |
| 010 |
|
|
|a 2006100539
|
| 020 |
|
|
|a 9781576754214 (pbk.)
|
| 020 |
|
|
|a 1576754219 (pbk.)
|
| 029 |
1 |
|
|a YDXCP
|b 2504691
|
| 035 |
|
|
|a (OCoLC)ocm76925240
|
| 035 |
|
|
|a (OCoLC)76925240
|
| 040 |
|
|
|a DLC
|c DLC
|d BAKER
|d BTCTA
|d C#P
|d YDXCP
|d UtOrBLW
|
| 049 |
|
|
|a TXAM
|
| 050 |
0 |
0 |
|a HF5438.25
|b .T485 2007
|
| 082 |
0 |
0 |
|a 658.85
|2 22
|
| 100 |
1 |
|
|a Thompson, Nadine A.,
|d 1959-
|
| 245 |
1 |
0 |
|a Values sell :
|b transforming purpose into profit through creative sales and distribution strategies /
|c Nadine A. Thompson, Angela E. Soper.
|
| 250 |
|
|
|a 1st ed.
|
| 264 |
|
1 |
|a San Francisco :
|b Berrett-Koehler,
|c [2007]
|
| 264 |
|
4 |
|c ©2007
|
| 300 |
|
|
|a xix, 163 pages ;
|c 22 cm.
|
| 336 |
|
|
|a text
|b txt
|2 rdacontent
|
| 337 |
|
|
|a unmediated
|b n
|2 rdamedia
|
| 338 |
|
|
|a volume
|b nc
|2 rdacarrier
|
| 490 |
1 |
|
|a The social venture network series
|
| 504 |
|
|
|a Includes bibliographical references (page 151) and index.
|
| 505 |
0 |
|
|a Establishing a clear and profitable vision -- Defining your market -- Building strong distribution channels -- Empowering your way to success -- Educating your partners -- Creating valuable strategic alliances -- Celebrating achievements -- Do values really sell?.
|
| 650 |
|
0 |
|a Selling.
|
| 650 |
|
0 |
|a Physical distribution of goods
|x Management.
|
| 650 |
|
0 |
|a Social responsibility of business.
|
| 650 |
|
0 |
|a Success in business.
|
| 700 |
1 |
|
|a Soper, Angela E.,
|d 1949-
|
| 830 |
|
0 |
|a Social venture network series.
|
| 856 |
4 |
1 |
|3 Table of contents only
|u http://www.loc.gov/catdir/toc/ecip076/2006100539.html
|t 0
|
| 938 |
|
|
|a Baker & Taylor
|b BKTY
|c 12.00
|d 9.00
|i 1576754219
|n 0006982358
|s active
|
| 938 |
|
|
|a Baker and Taylor
|b BTCP
|n 2006100539
|
| 938 |
|
|
|a YBP Library Services
|b YANK
|n 2504691
|
| 945 |
|
|
|a PromptCat
|b 150081
|
| 946 |
|
|
|a west,stk
|
| 947 |
|
|
|a A14836148061
|
| 948 |
|
|
|a cataloged
|b h
|c 2007/6/7
|d c
|e achopde
|f 2:15:54 pm
|
| 994 |
|
|
|a 92
|b TXA
|
| 999 |
|
|
|a MARS
|
| 999 |
f |
f |
|s a61a2cca-becb-36ef-a38e-4b40d76fa0ba
|i 3009852e-3405-359e-b649-4ca07cee8c55
|t 0
|
| 952 |
f |
f |
|p ric
|a Texas A&M University
|b Rellis Campus
|c Joint Library Facility
|d Remote Storage
|t 0
|e HF5438.25 .T485 2007
|h Library of Congress classification
|i unmediated -- volume
|m A14836148061
|
| 998 |
f |
f |
|a HF5438.25 .T485 2007
|t 0
|l Remote Storage
|